Friday Night Funkin' Song Quiz - Statistics

General Stats
  • This quiz has been taken 107 times
    92 since last reset
  • The average score is 20 of 22
Answer Stats
Week Song Name % Correct
Week 3 Pico
99%
M.I.L.F
97%
Tutorial Tutorial
97%
Dad Battle
94%
Fresh
93%
Roses
93%
Philly
91%
Thorns
91%
Week 7 Ugh
91%
Blammed
90%
Guns
88%
Week 6 Senpai
88%
South
88%
Week 2 Spookeez
88%
Stress
88%
Monster
87%
Winter Horrorland
87%
Week 1 Bopeebo
85%
Week 5 Cocoa
85%
Eggnog
85%
High
84%
Week 4 Satin Panties
84%
No matching quizzes found
Score Distribution
Percent of People with Each Score
Percentile by Number Answered
Your Score History
You have not taken this quiz since the last reset